000 02080nam a2200361 i 4500
001 44483
003 ES-MaCES
005 20210802144350.0
007 cr |||||||||||
008 000000s2014 sp |||||||||||00||0 spa|d
040 _aES-MaCES
_bspa
_cES-MaCES
245 0 0 _aDictamen 1-2014, sobre el Anteproyecto de Ley por el que se modifica la Ley general de la Seguridad Social en relación con el régimen jurídico de las mutuas de accidentes de trabajo y enfermedades profesionales de la Seguridad Social
300 _a39 p. (234 kb)
500 _aSometida a votación la enmienda de supresión presentada por el Consejero D. Juan Iranzo, con la presencia de 59 Consejeros, el resultado es de 8 votos a favor y 51 votos en contra. La enmienda queda rechazada. Sometida a votación la enmienda transaccional presentada por los Consejeros expertos del Grupo Tercero D. José María Goerlich y Dª Ana Matorras junto con los Consejeros del Grupo Segundo, con la presencia de 59 Consejeros, el resultado es de 27 votos a favor, 30 votos en contra y 1 abstención. La enmienda transaccional queda rechazada.
593 _cRelaciones Laborales, Empleo y Seguridad Social
_iD-001-2014
_f20140122
_rOrdinaria
_vPresentes (58) : (46) sí, (6) no, (2) abst.
_sPleno ordinario
650 4 _aseguridad social
_927034
650 4 _alegislación de seguridad social
_929855
650 4 _areforma de la seguridad social
_930668
650 4 _amutualidad
_930256
650 4 _aaccidente de trabajo
_928345
650 4 _aenfermedad profesional
_928346
650 4 _aEspaña
_926964
650 4 _arégimen jurídico
_929894
653 1 0 _aSeguridad Social
700 1 _911755
_aFernández Alen, Pedro C.
_eponente
700 1 _913524
_aGoerlich Peset, José María
_einterviniente
700 1 _918157
_aMatorras Díaz-Caneja, Ana
_einterviniente
700 1 _915211
_aIranzo Martín, Juan
_einterviniente
710 1 _940055
_aEspaña
_bGobierno
_esolicitante
856 4 _uhttp://www.ces.es/documents/DIC/2014/01
_ytexto completo
902 _aDictamen
942 _2CES
_cDI
_h3.0.
999 _c44483
_d44483